000 00405nam a2200133Ia 4500
008 210430s9999 xx 000 0 und d
020 _a8123918801
082 _a661.804 L183 P
100 _aChitta Ranjan Lahiri, Dipa Biswas
_9127117
245 _aPetrochemical Industries Tcchnology and Processes /
_cChitta Ranjan Lahiri
260 _aIndia
_bCBS Publisher
_c2010
300 _a196 p
942 _cBK
_2ddc
999 _c564950
_d564950